000 00479nam a22001697a 4500
999 _c40686
_d40686
003 OSt
005 20200606120114.0
008 191028b ||||| |||| 00| 0 eng d
020 _a8190378024
040 _cMESKC library
082 _a891.431
_bMAN/D
100 _aMandaloi,Leeladhar
_988
245 _aDekha Adekha/
_cLeeladhar Mandaloi
260 _aDelhi:
_bAnirudh Books,
_c2014
300 _a167p
942 _2ddc
_cBK
_h891.431
_iMAN/D
_k891.431
_mMAN/D